000 00317nam a22001337a 4500
008 170204b xxu||||| |||| 00| 0 eng d
020 _a9780808778431
041 _aeng
080 _22ND
_a61
100 _a3
101 _aSHM
245 _aA COURSE IN MEDICAL AND TECHNICAL TERMINOLOGY
_cTEBBEN, J.R
942 _2udc
_cBK
999 _c4631
_d4631